000 00267nam a22001217a 4500
008 181102b xxu||||| |||| 00| 0 eng d
041 _aeng
080 _a575
100 _a5
101 _aBIO
245 _aBiochemical Individuality
_cWilliams,R.J
942 _2udc
_cBK
999 _c51677
_d51677